00890nam a2200241 i 450000100060000000300090000600500170001500700030003200800410003502000180007608000350009410000300012924501010015926000480026030000340030860000450034265500480038771000330043585200330046894200080050199900170050995201220052619164ES-MaACL20250817062546.0t|020626s2001 sp ||||1| spa d a84-7075-491-1 a75 O'Keeffe, Georgia (083.824)1 aO'Keeffe, Georgia.98633710aNaturalezas íntimas b: Fundación Juan March: 8 febrero - 2 junio 2002 / cGeorgia O'Keeffe. aMadrid : bFundación Juan March, c[2001] a78 p. : bil. col. ; c29 cm.14aO'Keeffe, Georgia-vExposiciones.986338 72tgfbne9193628aCatálogos de exposiciones2 aFundación Juan March94346 aES-MaACLjL-25586 bR.131440 2udc c19164d19164 00104070aATENEOMbATENEOMcDEPO2d2008-01-17eSCl0oL-25586p1019608r2023-02-23 00:00:00w2023-02-23yMONOGRAFIA